| 000 | 00602nam a2200205 i 4500 | ||
|---|---|---|---|
| 001 | 25265 | ||
| 003 | ES-MaACL | ||
| 005 | 20250829120800.0 | ||
| 007 | t| | ||
| 008 | 021223s1918 sp ||||1| spa d | ||
| 100 | 1 |
_aAranaz Castellanos, Manuel. _922267 |
|
| 245 | 1 | 0 |
_aCachalote / _cpor Manuel Aranaz Castellanos. |
| 250 | _a3ยช ed. | ||
| 260 |
_aMadrid : _b[s.n., _c1918] ( _fViuda de Pueyo) |
||
| 300 |
_a204 p. : _b1 retr. aut. ; _c19 cm. |
||
| 490 | 1 | _aCuadros vascos. Primera serie | |
| 830 | 0 | 0 |
_aCuadros vascos _9229132 |
| 852 |
_aES-MaACL _jF-12587 |
||
| 999 |
_c25265 _d25265 |
||